00526nam a2200193Ii 450000100060000000300090000600800410001502000150005604000330007104100080010408200220011210000250013424500170015926400630017630000120023933600260025133700280027733800270030515112CO-ViMGA241108s9999||||xx |||||||||||||| ||und|| a9586834166 aCO-ViMGAbspaerdacCO-ViMGA0 aspa04a346.068012221 R651 aBlanca Romero Matute10aEl reaseguro 1aBogotá, Colombia : Fundación cultural javeriana., 2001 avolumen atextbtxt2rdacontent aunmediatedbn2rdamedia avolumebnc2rdacarrier